Biblioteka Instytutu Północnego w Olsztynie

Półmrok : (Rekord nr 27799)

Szczegóły MARC
000 -Nagłówek
fixed length control field 02657cam a2200553 i 4500
001 - Nr kontrolny bibl., która utworzyła rek.
control field xx004931681
003 - Siglum bibl., której nr kontr. jest w 001
control field NUKAT
005 - Data i czas ostatniej operacji
control field 20260427115901.0
008 - Elementy pola stałej długości
fixed length control field 200826s2020 pl |001 0dpol c
020 ## - ISBN
ISBN 9788380989382
dopowiedzenie (oprawa twarda) :
warunki dostępności zł 40,00
035 ## - Systemowy numer kontrolny
systemowy numer kontrolny (OCoLC)1192548329
035 ## - Systemowy numer kontrolny
systemowy numer kontrolny (NUKAT)xx004931681
040 ## - Instytucja sporządzająca opis
Instytucja, która sporządziła opis KAT U/DL
język katalgowania-trzyzn. kod pol
zasady opisu rda
Instytucja, która sporządziła rekord KAT U/DLs
Instytucja, która zmodyfikowała rekord KAT U/MP
-- SZCZ U/MC
-- WA 14/MBs
-- OLSZT 008/bak
045 2# - Okres czasu dla zawartości
czas między r. 9999 pne a nasz. czas. d1939
-- d1950
046 ## - Kod rodz. daty, data1, data2 (daty pne)
Begin/single date 2020
100 1# - Hasło główne-nazwa osobowa
Nazwa osobowa Gieroń, Roman
Daty biograficzne (1986- ).
rodzaj współpracy Autor
9 (RLIN) 40638
245 10 - Tytuł właściwy i oznaczenie odpow.
tytuł Półmrok :
dodatek do tytułu procesy karne w sprawie przestępstw okupacyjnych popełnianych przez chłopów wobec Żydów w województwie krakowskim /
dod. inf. ze s. tyt./ozn. odpow. Roman Gieroń ; Instytut Pamięci Narodowej. Komisja Ścigania Zbrodni przeciwko Narodowi Polskiemu. Oddział w Krakowie.
246 30 - Inne formy tytułu, wariant tytułu
tytuł Procesy karne w sprawie przestępstw okupacyjnych popełnianych przez chłopów wobec Żydów w województwie krakowskim
260 ## - Adres wydawniczy
miejsce wydania, dystrybucji itp. Kraków :
nazwa wydawcy, dystrybutora itp. Instytut Pamięci Narodowej. Komisja Ścigania Zbrodni przeciwko Narodowi Polskiemu. Oddział w Krakowie,
data wydania, dystrybucji itp. 2020.
300 ## - Opis fizyczny
objętość i/lub forma materiału 374, [1] strona ;
format 25 cm.
336 ## - Content Type
Term Tekst
Code txt
Source rdacontent
337 ## - Media Type
Term Bez urządzenia pośredniczącego
Code n
Source rdamedia
338 ## - Carrier Type
Term Wolumin
Code nc
Source rdacarrier
380 ## - Form of work
Form of work Książki
380 ## - Form of work
Form of work Publikacje naukowe
388 1# - TIME PERIOD OF CREATION
Time period of creation term 2001-
490 1# - Tytuł serii i ks. wielotom.-nie do wysz.
oznaczenie serii Centralny Projekt Badawczy IPN Dzieje Żydów w Polsce oraz Relacje Polsko-Żydowskie w Latach 1914-1989
504 ## - Uwaga o bibliografii
uwaga o bibliografii Bibliografia na stronach 337-368. Indeks.
648 #7 - SUBJECT ADDED ENTRY--CHRONOLOGICAL TERM
Chronological term 1901-2000
Source of heading or term DBN
9 (RLIN) 34996
648 #7 - SUBJECT ADDED ENTRY--CHRONOLOGICAL TERM
Chronological term 1939-1945
Source of heading or term DBN
9 (RLIN) 36042
648 #7 - SUBJECT ADDED ENTRY--CHRONOLOGICAL TERM
Chronological term 1945-1989
Source of heading or term DBN
9 (RLIN) 36043
650 #7 - Hasło przedmiotowe-nazwa pospolita
nazwa pospolita lub geogr. Chłopi
źródło hasła DBN
9 (RLIN) 36401
650 #7 - Hasło przedmiotowe-nazwa pospolita
nazwa pospolita lub geogr. Holokaust
źródło hasła DBN
9 (RLIN) 37427
650 #7 - Hasło przedmiotowe-nazwa pospolita
nazwa pospolita lub geogr. Okupacja niemiecka Polski (1939-1945)
źródło hasła DBN
9 (RLIN) 36756
650 #7 - Hasło przedmiotowe-nazwa pospolita
nazwa pospolita lub geogr. Procesy sądowe
źródło hasła DBN
9 (RLIN) 40639
650 #7 - Hasło przedmiotowe-nazwa pospolita
nazwa pospolita lub geogr. Ukrywanie się Żydów (1939-1945)
źródło hasła DBN
9 (RLIN) 40640
650 #7 - Hasło przedmiotowe-nazwa pospolita
nazwa pospolita lub geogr. Żydzi
źródło hasła DBN
9 (RLIN) 35278
650 #7 - Hasło przedmiotowe-nazwa pospolita
nazwa pospolita lub geogr. Zbrodnie przeciwko ludzkości
określnik rzeczowy procesy
określnik geograficzny Polska
-- Kraków
określnik chronologiczny 1945-1970.
źródło hasła kaba
9 (RLIN) 40641
650 #7 - Hasło przedmiotowe-nazwa pospolita
nazwa pospolita lub geogr. Chłopi
określnik geograficzny Polska
-- Kraków (region)
określnik rzeczowy postawy
określnik chronologiczny 1900-1945.
źródło hasła kaba
9 (RLIN) 40642
650 #7 - Hasło przedmiotowe-nazwa pospolita
nazwa pospolita lub geogr. Holocaust
określnik geograficzny Polska.
źródło hasła kaba
9 (RLIN) 37430
651 #7 - Hasło przedmiotowe-nazwa geogr.
nazwa geograficzna Województwo krakowskie (1945-1975)
źródło hasła DBN
9 (RLIN) 40643
655 #7 - Termin określający rodzaj/formę
rodzaj/forma Monografia
źródło terminu DBN
9 (RLIN) 35240
658 ## - Nazwa określająca cel programu nauczania
główny cel programu nauczania Historia
658 ## - Nazwa określająca cel programu nauczania
główny cel programu nauczania Prawo i wymiar sprawiedliwości
710 2# - Hasło dodatkowe - nazwa ciała zbior.
nazwa ciała zbior. lub nazwa geogr. Instytut Pamięci Narodowej - Komisja Ścigania Zbrodni przeciwko Narodowi Polskiemu.
nazwa jednostki podrzędnej Oddział (Kraków).
rodzaj współpracy Instytucja sprawcza
-- Wydawca
kod rodzaju współpracy pbl
9 (RLIN) 13123
830 #0 - Hasło dod. serii i op. ks. wielotom. -tyt
tytuł Dzieje Żydów w Polsce oraz Relacje Polsko-Żydowskie w Latach 1914-1989
9 (RLIN) 40637
920 ## - ISBN
ISBN 978-83-8098-938-2 (oprawa twarda) : zł 40,00
942 ## - ADDED ENTRY ELEMENTS (KOHA)
Source of classification or shelving scheme Dewey Decimal Classification
Koha item type pozycje dostępne na miejscu
Egzemplarze
Status wycofania Status zagubienia Klasyfikacja Status uszkodzenia Blokada wypożyczeń Kolekcja Lokalizacja macierzysta Lokalizacja bieżąca Data nabycia Numer akcesji Źródło akcesji Cena Nr inwentarzowy il. wypożyczeń Sygnatura Kod kreskowy Date last seen Price effective from Typ egz.
    Dewey Decimal Classification nieuszkodzona   książka w magazynie Biblioteka Instytutu Północnego w Olsztynie Biblioteka Instytutu Północnego w Olsztynie 30/11/2020 D-36/2020 dar 40.00 59940   59940 IPWK24044 27/04/2026 27/04/2026 pozycje dostępne na miejscu
Biblioteka Instytutu Północnego, ul. Partyzantów 87, 10-402 Olsztyn, email: biblioteka(at)ip.olsztyn.pl